| 000 | 00443nam a2200157 i 4500 | ||
|---|---|---|---|
| 001 | 82859 | ||
| 003 | ES-MaACL | ||
| 005 | 20230906174737.0 | ||
| 007 | t| | ||
| 008 | 041112s1960 sp ||||1| spa d | ||
| 100 | 1 |
_aIglesia Alvariño, Aquilino. _965064 |
|
| 245 | 1 | 0 |
_aDe día a día _b: poemas / _cAquilino Iglesia Alvariño. |
| 260 |
_aVillagarcía : _bCelta, _c[1960] |
||
| 300 |
_a63 p. ; _c25 cm. |
||
| 852 |
_aES-MaACL _jC-19206 _bR.47162 |
||
| 999 |
_c82859 _d82859 |
||